000 01055nam a2200325 a 4500
001 BRL_26
005 20190320210545.0
008 920303s1988 mx-######b---#000-0aspa-#
020 _a9688341444
040 _aDLC
_cDLC
_dDLC
041 _aspa
044 _amx
050 4 _aBX4705
_b.Z45 1988
100 1 _aZelis, Rafael de
_922679
245 1 0 _aViajes en su destierro
_cRafael de Zelis ; prólogo Efrén Ortiz Domínguez.
260 _aMéxico
_bUniversidad Veracruzana
_c1988
300 _a99 p.
_c21 cm.
440 0 _aColección rescate
_v29
_922680
500 _aIncluye glosario
500 _aAu84
504 _aBibliografía: p. 20-21
650 1 4 _aJesuitas
_xHistoria
_ySiglo XVIII
_zMéxico
_922681
650 1 4 _aJesuitas
_xHistoria
_ySiglo XVIII
_zItalia
_922682
650 1 4 _aMisioneros
_xDiarios
_zMéxico
_922683
650 1 4 _aPersecución
_xHistoria
_ySiglo XVIII
_zMéxico
_922684
651 4 _aMéxico
_xHistoria de la Iglesia
_ySiglo XVIII
_922685
700 1 _aOrtíz Domínguez, Efrén
_eprol.
_922686
902 _aGRL
942 _2lcc
_cB
999 _c8839
_d8839